00510nam a2200109Ia 4500008004100000050002400041100003000065245016900095260008600264300002800350521002200378140724s9999 xx 000 0 und d aLC 4718b.B352 2010 aBautista, Marian Grace D. 4aThe degree of improvement on social skills of children with autism in relation to music therapy at Ann Arbor Montessori Learning Center /cMarian Grace D. Bautista. aLas Piñas, Philippines :bSouthville International School and Colleges,cc2010. a99 p. :bill. ;c28 cm. aSpecial Education